Statistics for Avengers Films Quiz

Click here to take the quiz!

General Stats

  • This quiz has been taken 44 times
  • The average score is 9 of 12

Answer Stats

QuestionAnswer% Correct
Which Asgardian made mischief in the first Avengers film?Loki
97%
Who was Thanos' adopted daughter?Gamora
92%
Which Avenger is played by Jeremy Renner?Hawkeye
92%
Who does Thor call 'rabbit'?Rocket Raccoon
84%
Name the Infinity Stone in Vision's headMind Stone
82%
What is the name of Scarlet Witch's twin brother?Quicksilver
82%
Who sends a message calling for Captain Marvel?Nick Fury
79%
Who did Ultron consume at the beginning of 'Age of Ultron'?Jarvis
68%
What is the 'superhero' name of the first protagonist to die in Endgame?Black Widow
58%
What is the name of Thor's axe?Stormbreaker
53%
Which Avengers film does Spiderman first feature in?Infinity War
47%
What is the name of the army of cybernetic aliens that fought in the first Avengers film?Chitauri
45%

Score Distribution

Percentile by Number Answered

Percent of People with Each Score

Your Score History

You have not taken this quiz